Planeamiento estratégico y operativo para Estimo S.A
Spremljeno u:
| Glavni autor: | |
|---|---|
| Daljnji autori: | |
| Format: | Knjiga |
| Izdano: |
San José, Costa Rica
1994
|
| Teme: | |
| Oznake: |
Dodaj oznaku
Bez oznaka, Budi prvi tko označuje ovaj zapis!
|
MARC
| LEADER | 00000nam a2200000Ia 4500 | ||
|---|---|---|---|
| 003 | 007576 | ||
| 005 | 20221231144257.0 | ||
| 008 | 140114s1994 cr a m 000 ||s d | ||
| 040 | |c cru CEDI | ||
| 090 | |a TFG 3226 | ||
| 100 | |a Carvajal B., Rolando |9 10957 | ||
| 245 | |a Planeamiento estratégico y operativo para Estimo S.A | ||
| 260 | |c 1994 |a San José, Costa Rica | ||
| 300 | |a [295] hojas : ilustraciones. | ||
| 500 | |a Proyecto de graduación (licenciatura en ingeniería industrial)--Universidad de Costa Rica. Facultad de Ingeniería. Escuela de Ingeniería Industrial, | ||
| 650 | |x ESTIMO (COSTA RICA) - ADMINISTRACION |9 10959 | ||
| 700 | |9 10958 |a Quirós Carballo, Rodrigo | ||
| 942 | |c TFG | ||
| 999 | |c 19485 |d 19485 | ||
